[Event "Polonia Wroclaw Masters Cup-GM"]
[Site "Wroclaw"]
[Date "2019.05.02"]
[Round "6.5"]
[White "Kozak, Antoni"]
[Black "Pranav Anand"]
[Result "1/2-1/2"]
[WhiteElo "2404"]
[BlackElo "2359"]
[Annotator "NA"]
[PlyCount "148"]
[EventDate "2019.04.28"]
[EventType "tourn"]
[EventCountry "POL"]
[SourceTitle "playchess.com"]
[Source "ChessBase"]
[SourceQuality "1"]
[TimeControl "40/5400+30:900+30"]

1. d4 {[%emt 0:00:00]} Nf6 {[%emt 0:00:00]} 2. c4 {[%emt 0:00:00]} e6 {[%emt 0:00:00]} 3. Nc3 {[%emt 0:00:00]} Bb4 {[%emt 0:00:09]} 4. Qc2 {[%emt 0:00:00]} d5 {[%emt 0:00:04]} 5. cxd5 {[%emt 0:00:00]} Qxd5 {[%emt 0:00:04]} 6. Nf3 {[%emt 0:00:28]} Qf5 {[%emt 0:00:07]} 7. Qxf5 {[%emt 0:00:56]} exf5 {[%emt 0:00:05]} 8. Bd2 {[%emt 0:01:09]} c6 {[%emt 0:01:05]} 9. e3 {[%emt 0:05:17]} Nbd7 {[%emt 0:01:24]} 10. Bd3 {[%emt 0:06:05]} Nb6 {[%emt 0:00:21]} 11. O-O {[%emt 0:00:53]} Be6 {[%emt 0:01:49]} 12. Nb5 {[%emt 0:12:17]} Bxd2 {[%emt 0:21:01]} 13. Nc7+ {[%emt 0:00:13]} Kd8 {[%emt 0:00:02]} 14. Nxa8 {[%emt 0:00:14]} Nc4 {[%emt 0:00:04]} 15. Bxc4 {[%emt 0:12:48]} Bxc4 {[%emt 0:00:36]} 16. Nxd2 {[%emt 0:00:10]} Bxf1 {[%emt 0:00:04]} 17. Kxf1 {[%emt 0:00:09]} Kd7 {[%emt 0:00:16]} 18. Nc4 {[%emt 0:02:31]} Rxa8 {[%emt 0:00:17]} 19. Ne5+ {[%emt 0:00:24]} Ke7 {[%emt 0:03:09]} 20. g3 {[%emt 0:01:25]} Nd5 {[%emt 0:01:38]} 21. Ke2 {[%emt 0:00:39]} f6 {[%emt 0:01:15]} 22. Nd3 {[%emt 0:00:09]} Kd6 {[%emt 0:01:05]} 23. h3 {[%emt 0:04:10]} h5 {[%emt 0:03:31]} 24. h4 {[%emt 0:02:12]} g6 {[%emt 0:01:14]} 25. Kd2 {[%emt 0:02:14]} Nc7 {[%emt 0:07:18]} 26. Nc5 {[%emt 0:10:40]} b6 {[%emt 0:01:09]} 27. Nd3 {[%emt 0:00:09]} Ne6 {[%emt 0:00:25]} 28. Rc1 {[%emt 0:00:11]} Rc8 {[%emt 0:02:40]} 29. Ke2 {[%emt 0:00:54]} Rc7 {[%emt 0:01:08]} 30. b3 {[%emt 0:02:10]} Re7 {[%emt 0:02:55]} 31. Kf3 {[%emt 0:02:31]} Rc7 {[%emt 0:00:39]} 32. Rd1 {[%emt 0:01:23]} Rd7 {[%emt 0:03:46]} 33. Nb4 {[%emt 0:04:01]} a5 {[%emt 0:01:48]} 34. Nd3 {[%emt 0:00:08]} Kc7 {[%emt 0:02:06]} 35. Ke2 {[%emt 0:04:21]} Rd8 {[%emt 0:00:38]} 36. Rc1 {[%emt 0:02:24]} Kb7 {[%emt 0:01:15]} 37. Nf4 {[%emt 0:02:12]} Nxf4+ {[%emt 0:00:47]} 38. gxf4 {[%emt 0:00:06]} Kc7 {[%emt 0:07:53]} 39. f3 {[%emt 0:08:58]} Kd6 {[%emt 0:04:00]} 40. Rg1 {[%emt 0:00:00]} Rg8 {[%emt 0:00:00]} 41. e4 {[%emt 0:00:23]} Ke6 {[%emt 0:01:34]} 42. Ke3 {[%emt 0:00:36]} Rg7 {[%emt 0:06:10]} 43. Rg2 {[%emt 0:04:12]} Rg8 {[%emt 0:01:23]} 44. Kd3 {[%emt 0:02:13]} fxe4+ {[%emt 0:01:26]} 45. fxe4 {[%emt 0:00:07]} f5 {[%emt 0:00:07]} 46. d5+ {[%emt 0:00:20]} cxd5 {[%emt 0:01:19]} 47. e5 {[%emt 0:00:05]} g5 {[%emt 0:02:19]} 48. hxg5 {[%emt 0:00:11]} h4 {[%emt 0:00:06]} 49. Rh2 {[%emt 0:01:57]} Rh8 {[%emt 0:00:08]} 50. Rh3 {[%emt 0:00:13]} Rh7 {[%emt 0:00:21]} 51. Kd4 {[%emt 0:00:54]} Rh8 {[%emt 0:00:21]} 52. g6 {[%emt 0:04:40]} Rh6 {[%emt 0:03:04]} 53. a4 {[%emt 0:02:13]} Rxg6 {[%emt 0:09:07]} 54. Rxh4 {[%emt 0:00:08]} Rg4 {[%emt 0:06:04]} 55. Rh6+ {[%emt 0:00:10]} Ke7 {[%emt 0:01:19]} 56. Kxd5 {[%emt 0:00:40]} Rxf4 {[%emt 0:00:05]} 57. Rh7+ {[%emt 0:03:44]} Kd8 {[%emt 0:00:25]} 58. Ke6 {[%emt 0:02:56]} Rf3 {[%emt 0:00:25]} 59. Kf7 {[%emt 0:01:01]} Rxb3 {[%emt 0:01:56]} 60. e6 {[%emt 0:01:17]} Re3 {[%emt 0:00:05]} 61. Rh4 {[%emt 0:01:23]} Kc7 62. e7 {[%emt 0:05:29]} Kd7 {[%emt 0:02:58]} 63. Rd4+ {[%emt 0:00:40]} Kc6 {[%emt 0:00:19]} 64. e8=Q+ {[%emt 0:02:28]} Rxe8 {[%emt 0:00:05]} 65. Kxe8 {[%emt 0:00:05]} b5 {[%emt 0:00:02]} 66. Rf4 {[%emt 0:00:34]} bxa4 {[%emt 0:00:29]} 67. Rxf5 {[%emt 0:00:06]} Kb6 {[%emt 0:00:03]} 68. Kd7 {[%emt 0:00:29]} a3 {[%emt 0:00:04]} 69. Kd6 {[%emt 0:00:03]} a4 {[%emt 0:01:01]} 70. Rf3 {[%emt 0:01:34]} Kb5 {[%emt 0:00:17]} 71. Rxa3 {[%emt 0:01:22]} Kb4 {[%emt 0:00:09]} 72. Ra1 {[%emt 0:02:04]} a3 {[%emt 0:00:19]} 73. Kd5 {[%emt 0:01:00]} Kb3 {[%emt 0:00:12]} 74. Rxa3+ {[%emt 0:00:16]} Kxa3 {[%emt 0:00:02]} 1/2-1/2

[Event "Polonia Wroclaw Masters Cup-GM"]
[Site "Wroclaw"]
[Date "2019.05.03"]
[Round "7.1"]
[White "Pranav Anand"]
[Black "Cukrowski, Filip"]
[Result "0-1"]
[WhiteElo "2359"]
[BlackElo "2421"]
[Annotator "TA"]
[PlyCount "147"]
[EventDate "2019.04.28"]
[EventType "tourn"]
[EventCountry "POL"]
[SourceTitle "playchess.com"]
[Source "ChessBase"]
[SourceQuality "1"]

{[%evp 10,147,48,49,70,66,89,75,104,76,98,93,102,45,59,50,47,45,60,50,54,55,47,25,31,0,0,-36,-37,-45,-18,-21,-22,-23,-8,-19,-2,-6,-6,-9,-24,-18,-6,-6,-6,-6,-2,-6,0,0,0,0,0,-12,-14,-14,-13,-12,-13,-16,-10,-27,-13,-23,-8,-8,-6,-7,-8,-8,-8,-8,-7,-7,-7,-7,-7,-7,-7,-8,0,-8,-8,-8,0,-8,-8,-8,-8,-481,-459,-3134,-3149,-3762,-433,-376,-363,-452,-426,-754,-681,-4602,-2322,-1597,-4134,-5708,-5316,-29966,-29970,-29970,-29971,-29971,-29972,-29971,-29971,-29972,-29974,-29974,-29975,-29975,-29976,-29977,-29978,-29978,-29979,-29979,-29980,-29981,-29982,-29982,-29983,-29983,-29984,-29984,-29985,-29985,-29986,-29986,-29986,-29986]} 1. e4 e5 2. Nf3 Nc6 3. Bb5 Nge7 4. c3 a6 5. Ba4 b5 6. Bb3 h6 {C70: Ruy Lopez: 3...a6 4 Ba4, Norwegian and Delayed Schliemann} 7. O-O d6 (7... g6 8. d4 exd4 9. cxd4 Bg7 10. a4 b4 11. a5 O-O 12. d5 Na7 13. Nbd2 {0-1 (57) Hovhannisyan,R (2529)-Ponkratov,P (2604) Martuni 2010}) 8. d4 exd4 {White is better.} 9. cxd4 Na5 $146 ({Predecessor:} 9... Bb7 10. Nc3 Ng6 11. Qe2 Qf6 12. Nd5 Qd8 13. Rd1 Na5 14. Bc2 Bxd5 15. exd5+ {1-0 (39) Nagy,A (2212)-Mester,F (1760) Senta 2014}) 10. Bc2 g6 11. b3 (11. Qe1 $16 c6 12. a4) 11... Bg7 12. Be3 c5 13. Nbd2 cxd4 14. Bxd4 O-O 15. Bxg7 Kxg7 16. Qb1 Nec6 17. Bd3 Ne5 18. Nxe5 dxe5 19. Nf3 {[%cal Bd2f3,Bf3e1,Be1c2][%mdl 32]} Nc6 20. a4 bxa4 21. Rxa4 Bg4 {Threatens to win with ...Bxf3.} 22. Ne1 ({Much worse is} 22. Rxa6 Rxa6 23. Bxa6 Bxf3 $17) 22... Qb6 23. Nc2 Be6 24. Bc4 Bxc4 25. Rxc4 Rfd8 26. Qa1 Nd4 27. Nxd4 Rxd4 28. Rxd4 Qxd4 29. Qxd4 exd4 $11 {[%mdl 4096] Endgame KR-KR} 30. Rd1 Rb8 31. Rd3 Rb4 32. f4 Kf6 33. Kf2 Ke6 34. Kf3 Kd6 35. h4 a5 36. g4 f6 37. Kg3 Kc5 38. g5 fxg5 39. hxg5 hxg5 40. fxg5 Kd6 {aiming for ...Ke5.} 41. Kf4 Ke6 42. Rd2 Rxb3 43. Rxd4 Rb8 44. Rc4 Rf8+ 45. Ke3 Kd6 46. Kd4 Ra8 {And now ...a4 would win.} 47. Ra4 Ra6 48. Ke3 Kc5 49. Kf4 $2 {[%mdl 8192]} (49. Kd2 $11) 49... Kb5 $1 $19 {[%cal Rb5a4]} 50. Ra1 (50. Ra3 $142 a4 51. e5) 50... a4 51. e5 Kc5 (51... Kc6 $142 $1 52. Ke4 a3) 52. Ke4 {[#] Rc1+ is the strong threat.} Kc6 $1 53. Ra3 {[#]} Kd7 $1 {[%cal Rd7e6]} 54. Kd5 (54. Kd3 $142 Ke6 55. Kc2) 54... Ra5+ 55. Kd4 Ke6 56. Kc3 Kxe5 57. Kb2 Kf4 58. Ra1 {[#]} a3+ $1 {[%mdl 512] Black mates.} 59. Ka2 (59. Rxa3 Rxa3) 59... Kxg5 60. Rg1+ Kf6 61. Rf1+ Kg7 62. Rg1 g5 63. Rg2 Kg6 64. Rg1 Kf5 65. Rf1+ Ke4 66. Rg1 Kf3 67. Rf1+ Kg2 68. Rf7 g4 69. Rg7 g3 70. Rg8 Kf2 71. Rf8+ Kg1 72. Rg8 g2 73. Rg7 Rh5 74. Kb3 {Accuracy: White = 44%, Black = 74%.} 0-1

[Event "Polonia Wroclaw Masters Cup-GM"]
[Site "Wroclaw"]
[Date "2019.05.03"]
[Round "7.2"]
[White "Kantans, Toms"]
[Black "Kozak, Antoni"]
[Result "0-1"]
[WhiteElo "2513"]
[BlackElo "2404"]
[Annotator "TA"]
[PlyCount "90"]
[EventDate "2019.04.28"]
[EventType "tourn"]
[EventCountry "POL"]
[SourceTitle "playchess.com"]
[Source "ChessBase"]
[SourceQuality "1"]

{[%evp 14,90,27,19,52,8,17,0,0,0,0,-6,19,0,27,27,27,18,103,25,29,3,0,0,0,18,3,2,17,9,11,10,21,33,29,12,21,6,19,0,8,0,0,0,0,-32,16,16,16,14,81,0,0,0,0,-191,-189,-230,-230,-229,-228,-200,-206,-228,-133,-217,-230,-230,-167,-326,-325,-325,-325,-318,-304,-4986,-4852,-5065,-1615]} 1. e4 c6 2. d4 d5 3. Nc3 dxe4 4. Nxe4 Bf5 5. Ng3 Bg6 6. Nh3 e6 7. c3 Bd6 8. Nf4 Qh4 {B18: Classical Caro-Kann: 4...Bf5 sidelines} (8... Nf6 9. h4 Bxf4 10. Bxf4 h6 11. a4 O-O 12. a5 Nd5 13. Bd2 Nd7 14. c4 N5f6 15. h5 Bh7 16. Bc3 c5 {1-0 (68) Ivanchuk,V (2726)-Artemiev,V (2691) Huaian 2017}) 9. Qf3 Nf6 10. Bc4 Nbd7 {The position is equal.} 11. O-O O-O-O 12. Re1 $146 ({Predecessor:} 12. Be3 Nd5 13. Nh3 Nxe3 14. fxe3 Nf6 15. e4 Bxg3 16. hxg3 Qxe4 17. Qxe4 Nxe4 {0-1 (32) Womacka,M (2448)-Postny,E (2616) playchess.com INT 2007}) 12... Nd5 {[%cal Rd5f4]} 13. Nd3 N7f6 14. h3 Bxd3 15. Bxd3 Bf4 (15... Kb8 $11 {remains equal.}) 16. b4 (16. c4 $16) 16... g5 $11 17. Nf5 exf5 18. Bxf5+ Kb8 {Strongly threatening ...Bxc1.} 19. g3 {[%mdl 64] Double Attack} Qh5 20. Qxh5 Nxh5 21. gxf4 Nhxf4 22. Bd2 b5 23. a4 a6 24. Kh2 Rde8 25. axb5 axb5 26. Kg3 h6 27. Kf3 Kb7 28. h4 f6 29. Be4 Rhf8 {[#]} 30. c4 $1 {[%mdl 512]} bxc4 {Hoping for ...Ne6.} 31. Bxf4 gxf4 (31... Nxf4 $11 32. b5 Kc7) 32. b5 (32. Rec1 $1 $16) 32... f5 33. bxc6+ Kxc6 34. Bc2 $2 (34. Bxd5+ $1 $11 {and White stays safe.} Kxd5 35. Ra5+ Kxd4 36. Rd1+ Kc3 37. Rc5) 34... Rxe1 $19 35. Rxe1 {[%mdl 4096] Endgame KRB-KRN} Nb4 36. Bb1 Kd5 37. Re7 Kxd4 38. Re6 c3 ({Better is} 38... h5 $19 39. Rh6 c3) 39. Kxf4 (39. Rxh6 $17 {is a better defense.} Ke5 40. Rb6) 39... Nd5+ $1 ({Don't do} 39... c2 40. Bxc2 $1 {[%mdl 512]} Nxc2 41. Rxh6 $15) ({Don't take} 39... Rc8 40. Kxf5 Rb8 41. h5 $17) 40. Kf3 Rb8 41. Bxf5 $2 (41. Bc2 {was the only defense.}) 41... Rf8 42. Kg4 {[#]} Nf6+ $1 43. Kh3 {[#]} Nh5 $1 {[%cal Rh5f4]} 44. Rd6+ $2 (44. Re4+ Kd5 45. Bh7) 44... Kc5 45. Rd3 Nf4+ {[%mdl 64] Double Attack. Accuracy: White = 28%, Black = 52%.} 0-1

[Event "Polonia Wroclaw Masters Cup-GM"]
[Site "Wroclaw"]
[Date "2019.05.03"]
[Round "7.3"]
[White "Swayams, Mishra"]
[Black "Gumularz, Szymon"]
[Result "1-0"]
[WhiteElo "2478"]
[BlackElo "2483"]
[Annotator "ChessBase"]
[PlyCount "49"]
[EventDate "2019.04.28"]
[EventType "tourn"]
[EventCountry "POL"]
[SourceTitle "playchess.com"]
[Source "ChessBase"]
[SourceQuality "1"]
[TimeControl "40/5400+30:900+30"]

1. Nf3 {[%emt 0:04:03]} Nf6 {[%emt 0:00:00]} 2. c4 {[%emt 0:00:41]} d6 {[%emt 0:02:17]} 3. d4 {[%emt 0:01:36]} g6 {[%emt 0:00:04]} 4. b3 {[%emt 0:00:16]} Bg7 {[%emt 0:00:18]} 5. Bb2 {[%emt 0:00:54]} c5 {[%emt 0:03:15]} 6. g3 {[%emt 0:03:56]} Ne4 {[%emt 0:00:29]} 7. Bg2 {[%emt 0:15:15]} Qa5+ {[%emt 0:00:17]} 8. Nfd2 {[%emt 0:00:29]} Nxd2 {[%emt 0:01:48]} 9. Bc3 {[%emt 0:00:05]} Qb6 {[%emt 0:12:43]} 10. dxc5 {[%emt 0:00:42]} Nxb1 {[%emt 0:00:24]} 11. Bxg7 {[%emt 0:14:30]} Qb4+ {[%emt 0:02:11]} 12. Kf1 {[%emt 0:00:07]} Rg8 {[%emt 0:01:16]} 13. Bh6 {[%emt 0:00:38]} g5 {[%emt 0:05:37]} 14. h4 {[%emt 0:09:23]} Bf5 {[%emt 0:38:12]} 15. Bxg5 {[%emt 0:06:47]} Nc6 {[%emt 0:03:16]} 16. Rxb1 {[%emt 0:07:09]} Bxb1 {[%emt 0:00:20]} 17. Qxb1 {[%emt 0:00:02]} Qxc5 {[%emt 0:02:16]} 18. Qxh7 {[%emt 0:01:21]} O-O-O {[%emt 0:02:43]} 19. Qxf7 {[%emt 0:01:07]} Kb8 {[%emt 0:01:24]} 20. Qd5 {[%emt 0:01:22]} Qb6 {[%emt 0:02:10]} 21. Qb5 {[%emt 0:01:53]} Qxb5 {[%emt 0:02:15]} 22. cxb5 {[%emt 0:00:02]} Nd4 {[%emt 0:00:08]} 23. Bxe7 {[%emt 0:00:16]} Rd7 {[%emt 0:00:03]} 24. Bf6 {[%emt 0:00:22]} Rc7 {[%emt 0:01:08]} 25. Bd5 {[%emt 0:00:39]} 1-0

[Event "Polonia Wroclaw Masters Cup-GM"]
[Site "Wroclaw"]
[Date "2019.05.03"]
[Round "7.4"]
[White "Przybylski, Wojciech"]
[Black "Tazbir, Marcin"]
[Result "1/2-1/2"]
[WhiteElo "2320"]
[BlackElo "2540"]
[Annotator "TA"]
[PlyCount "36"]
[EventDate "2019.04.28"]
[EventType "tourn"]
[EventCountry "POL"]
[SourceTitle "playchess.com"]
[Source "ChessBase"]
[SourceQuality "1"]

{[%evp 9,36,11,20,17,42,38,42,43,91,16,41,48,55,68,89,85,89,78,91,17,37,37,35,46,45,32,62,28,57]} 1. e4 c5 2. Nf3 d6 3. Bb5+ Nd7 4. a4 a6 5. Bc4 Ngf6 6. Nc3 {B51: Sicilian: Moscow Variation (3 Bb5+) without 3...Bd7} g6 7. a5 {aiming for Bxf7+!} e6 8. d4 $146 {White is slightly better.} ({Predecessor:} 8. d3 Bg7 9. O-O O-O 10. Re1 b5 11. axb6 Qxb6 12. Bb3 Bb7 13. h3 {½-½ (66) Hansen,S (2580)-Bok,B (2611) Germany 2017}) 8... Qc7 9. Bg5 (9. d5 $16) 9... h6 10. Be3 Bg7 11. d5 b5 12. dxe6 bxc4 13. exd7+ Qxd7 14. Bf4 (14. e5 $16 Ng4 15. Qxd6 (15. exd6 Nxe3 16. fxe3 O-O $11)) 14... O-O 15. Bxd6 {[%mdl 64] [#] Double Attack} Re8 16. e5 {And now 0-0 would win.} Ng4 17. O-O {Re1 is the strong threat.} ({Reject} 17. Bxc5 Nxe5 18. Nxe5 Rxe5+ 19. Be3 Qxd1+ 20. Kxd1 Bb7 $11) 17... Bb7 18. Na4 Qb5 {Accuracy: White = 66%, Black = 19%.} 1/2-1/2

[Event "Polonia Wroclaw Masters Cup-GM"]
[Site "Wroclaw"]
[Date "2019.05.03"]
[Round "7.5"]
[White "Skawinski, Arkadiusz"]
[Black "Sivuk, Vitaliy"]
[Result "1/2-1/2"]
[WhiteElo "2392"]
[BlackElo "2523"]
[Annotator "ChessBase"]
[PlyCount "57"]
[EventDate "2019.04.28"]
[EventType "tourn"]
[EventCountry "POL"]
[SourceTitle "playchess.com"]
[Source "ChessBase"]
[SourceQuality "1"]
[TimeControl "40/5400+30:900+30"]

1. e4 {[%emt 0:00:00]} c5 {[%emt 0:00:00]} 2. Nf3 {[%emt 0:00:00]} d6 {[%emt 0:00:00]} 3. Bb5+ {[%emt 0:00:00]} Nd7 {[%emt 0:00:00]} 4. O-O {[%emt 0:00:00]} a6 {[%emt 0:00:05]} 5. Bd3 {[%emt 0:00:00]} Ngf6 {[%emt 0:00:10]} 6. Re1 {[%emt 0:00:00]} g6 {[%emt 0:00:09]} 7. c3 {[%emt 0:01:04]} Bg7 {[%emt 0:00:07]} 8. Bc2 {[%emt 0:00:47]} O-O {[%emt 0:00:08]} 9. d4 {[%emt 0:00:04]} e5 {[%emt 0:00:06]} 10. dxe5 {[%emt 0:09:03]} Nxe5 {[%emt 0:00:07]} 11. Nxe5 {[%emt 0:03:05]} dxe5 {[%emt 0:00:06]} 12. Qxd8 {[%emt 0:09:38]} Rxd8 {[%emt 0:00:02]} 13. Be3 {[%emt 0:00:08]} Bf8 {[%emt 0:00:09]} 14. f3 {[%emt 0:07:58]} Be6 {[%emt 0:00:13]} 15. Nd2 {[%emt 0:01:44]} b5 {[%emt 0:00:09]} 16. Red1 {[%emt 0:02:35]} c4 {[%emt 0:00:59]} 17. b4 {[%emt 0:12:38]} cxb3 {[%emt 0:03:35]} 18. axb3 {[%emt 0:04:24]} Rdc8 {[%emt 0:00:11]} 19. c4 {[%emt 0:01:33]} bxc4 {[%emt 0:03:33]} 20. Nxc4 {[%emt 0:00:32]} Bxc4 {[%emt 0:00:08]} 21. bxc4 {[%emt 0:00:05]} Rxc4 {[%emt 0:00:07]} 22. Bd3 {[%emt 0:00:07]} Rc3 {[%emt 0:04:31]} 23. Bg5 {[%emt 0:00:24]} Rc6 {[%emt 0:01:35]} 24. Bb5 {[%emt 0:03:53]} Rb6 {[%emt 0:00:43]} 25. Bc4 {[%emt 0:00:17]} Bc5+ {[%emt 0:02:44]} 26. Kf1 {[%emt 0:00:05]} Bd4 {[%emt 0:01:17]} 27. Rdb1 {[%emt 0:00:51]} Nd7 {[%emt 0:40:01]} 28. Rxb6 {[%emt 0:00:45]} Nxb6 {[%emt 0:00:05]} 29. Rxa6 {[%emt 0:00:19]} 1/2-1/2

[Event "Polonia Wroclaw Masters Cup-GM"]
[Site "Wroclaw"]
[Date "2019.05.04"]
[Round "8.1"]
[White "Cukrowski, Filip"]
[Black "Sivuk, Vitaliy"]
[Result "1/2-1/2"]
[WhiteElo "2416"]
[BlackElo "2523"]
[Annotator "ChessBase"]
[PlyCount "63"]
[EventDate "2019.04.28"]
[EventType "tourn"]
[EventCountry "POL"]
[SourceTitle "playchess.com"]
[Source "ChessBase"]
[SourceQuality "1"]
[TimeControl "40/5400+30:900+30"]

1. e4 {[%emt 0:01:28]} e6 {[%emt 0:00:00]} 2. d4 {[%emt 0:00:21]} d5 {[%emt 0:00:00]} 3. exd5 {[%emt 0:02:14]} exd5 {[%emt 0:00:00]} 4. Nf3 {[%emt 0:00:10]} Nf6 {[%emt 0:00:04]} 5. Bd3 {[%emt 0:08:35]} c5 {[%emt 0:01:37]} 6. O-O {[%emt 0:03:42]} c4 {[%emt 0:00:08]} 7. Be2 {[%emt 0:00:11]} Bd6 {[%emt 0:04:48]} 8. b3 {[%emt 0:00:25]} cxb3 {[%emt 0:00:06]} 9. axb3 {[%emt 0:00:08]} O-O {[%emt 0:00:08]} 10. Bg5 {[%emt 0:03:31]} Nc6 {[%emt 0:01:14]} 11. c4 {[%emt 0:01:25]} h6 {[%emt 0:04:41]} 12. Bxf6 {[%emt 0:06:11]} Qxf6 {[%emt 0:00:17]} 13. Nc3 {[%emt 0:00:04]} dxc4 {[%emt 0:01:12]} 14. Ne4 {[%emt 0:00:05]} Qe7 {[%emt 0:00:35]} 15. Nxd6 {[%emt 0:00:05]} Qxd6 {[%emt 0:00:05]} 16. bxc4 {[%emt 0:04:30]} Bg4 {[%emt 0:01:29]} 17. h3 {[%emt 0:00:07]} Bh5 {[%emt 0:01:42]} 18. Rb1 {[%emt 0:15:57]} b6 {[%emt 0:03:00]} 19. c5 {[%emt 0:00:12]} bxc5 {[%emt 0:02:29]} 20. dxc5 {[%emt 0:00:07]} Qf6 {[%emt 0:00:14]} 21. Qd6 {[%emt 0:02:47]} Qxd6 {[%emt 0:10:28]} 22. cxd6 {[%emt 0:00:07]} Rab8 {[%emt 0:00:07]} 23. g4 {[%emt 0:08:51]} Bg6 {[%emt 0:00:12]} 24. Rbc1 {[%emt 0:00:05]} Be4 {[%emt 0:03:52]} 25. Rfd1 {[%emt 0:02:32]} Rfd8 {[%emt 0:01:34]} 26. Rc5 {[%emt 0:14:45]} Rb2 {[%emt 0:06:00]} 27. Kf1 {[%emt 0:00:19]} Rc2 {[%emt 0:02:13]} 28. Rxc2 {[%emt 0:05:35]} Bxc2 {[%emt 0:00:12]} 29. Rd2 {[%emt 0:00:03]} Be4 {[%emt 0:02:35]} 30. Ne1 {[%emt 0:00:04]} Na5 {[%emt 0:02:33]} 31. Ra2 {[%emt 0:02:06]} Nb7 {[%emt 0:00:21]} 32. Rxa7 {[%emt 0:00:07]} 1/2-1/2

[Event "Polonia Wroclaw Masters Cup-GM"]
[Site "Wroclaw"]
[Date "2019.05.04"]
[Round "8.2"]
[White "Tazbir, Marcin"]
[Black "Skawinski, Arkadiusz"]
[Result "1/2-1/2"]
[WhiteElo "2534"]
[BlackElo "2392"]
[Annotator "ChessBase"]
[PlyCount "21"]
[EventDate "2019.04.28"]
[EventType "tourn"]
[EventCountry "POL"]
[SourceTitle "playchess.com"]
[Source "ChessBase"]
[SourceQuality "1"]
[TimeControl "40/5400+30:900+30"]

1. Nf3 {[%emt 0:00:00]} d5 {[%emt 0:00:00]} 2. d4 {[%emt 0:00:00]} Nf6 {[%emt 0:00:05]} 3. c4 {[%emt 0:00:05]} e6 {[%emt 0:00:05]} 4. g3 {[%emt 0:00:29]} Be7 {[%emt 0:00:28]} 5. Bg2 {[%emt 0:00:17]} O-O {[%emt 0:00:27]} 6. O-O {[%emt 0:00:16]} dxc4 {[%emt 0:00:28]} 7. Ne5 {[%emt 0:03:29]} Nc6 {[%emt 0:02:59]} 8. Bxc6 {[%emt 0:00:22]} bxc6 {[%emt 0:00:06]} 9. Nxc6 {[%emt 0:00:12]} Qe8 {[%emt 0:01:00]} 10. Nxe7+ {[%emt 0:00:26]} Qxe7 {[%emt 0:00:05]} 11. Na3 {[%emt 0:00:32]} 1/2-1/2

[Event "Polonia Wroclaw Masters Cup-GM"]
[Site "Wroclaw"]
[Date "2019.05.04"]
[Round "8.3"]
[White "Gumularz, Szymon"]
[Black "Przybylski, Wojciech"]
[Result "1-0"]
[WhiteElo "2483"]
[BlackElo "2320"]
[Annotator "ChessBase"]
[PlyCount "79"]
[EventDate "2019.04.28"]
[EventType "tourn"]
[EventCountry "POL"]
[SourceTitle "playchess.com"]
[Source "ChessBase"]
[SourceQuality "1"]
[TimeControl "40/5400+30:900+30"]

1. d4 {[%emt 0:00:00]} Nf6 {[%emt 0:05:15]} 2. c4 {[%emt 0:01:36]} e6 {[%emt 0:00:32]} 3. Nc3 {[%emt 0:00:14]} Bb4 {[%emt 0:00:19]} 4. e3 {[%emt 0:00:10]} O-O {[%emt 0:00:34]} 5. Bd3 {[%emt 0:00:05]} d5 {[%emt 0:00:36]} 6. cxd5 {[%emt 0:01:37]} exd5 {[%emt 0:02:54]} 7. Nge2 {[%emt 0:00:07]} Re8 {[%emt 0:04:55]} 8. Bd2 {[%emt 0:00:13]} Bd6 {[%emt 0:03:43]} 9. Rc1 {[%emt 0:00:13]} a6 {[%emt 0:07:11]} 10. O-O {[%emt 0:12:12]} Nc6 {[%emt 0:14:52]} 11. f3 {[%emt 0:05:45]} Nb4 {[%emt 0:10:41]} 12. Bb1 {[%emt 0:00:18]} c5 {[%emt 0:00:16]} 13. Qe1 {[%emt 0:02:00]} Nc6 {[%emt 0:18:56]} 14. Qh4 {[%emt 0:03:38]} Ne7 {[%emt 0:00:33]} 15. g4 {[%emt 0:02:50]} Ng6 {[%emt 0:02:10]} 16. Qf2 {[%emt 0:00:40]} Be6 {[%emt 0:01:52]} 17. Kh1 {[%emt 0:06:36]} Nd7 {[%emt 0:02:16]} 18. e4 {[%emt 0:13:16]} cxd4 {[%emt 0:01:06]} 19. Nxd4 {[%emt 0:00:08]} dxe4 {[%emt 0:01:31]} 20. Nxe4 {[%emt 0:00:50]} Bf8 {[%emt 0:02:47]} 21. Rfd1 {[%emt 0:05:10]} Nf6 {[%emt 0:06:01]} 22. Be1 {[%emt 0:07:42]} Qe7 {[%emt 0:05:35]} 23. Nf5 {[%emt 0:18:58]} Bxf5 {[%emt 0:00:06]} 24. gxf5 {[%emt 0:00:06]} Ne5 {[%emt 0:02:37]} 25. Bc3 {[%emt 0:01:37]} Nxe4 {[%emt 0:01:07]} 26. Bxe4 {[%emt 0:01:03]} Ng4 {[%emt 0:00:44]} 27. Qg3 {[%emt 0:05:24]} Nf6 {[%emt 0:00:08]} 28. Bxb7 {[%emt 0:01:05]} Nh5 {[%emt 0:02:32]} 29. Qg4 {[%emt 0:00:06]} Qxb7 {[%emt 0:00:18]} 30. Qxh5 {[%emt 0:00:04]} Re3 {[%emt 0:00:45]} 31. Rf1 {[%emt 0:00:07]} Rae8 {[%emt 0:01:34]} 32. Rc2 {[%emt 0:00:15]} Kh8 {[%emt 0:00:52]} 33. Rg2 {[%emt 0:00:53]} Re2 {[%emt 0:00:34]} 34. Rg3 {[%emt 0:03:49]} Qc6 {[%emt 0:00:35]} 35. Qxf7 {[%emt 0:01:23]} Qh6 {[%emt 0:00:08]} 36. h3 {[%emt 0:01:02]} R2e7 {[%emt 0:00:13]} 37. Qc4 {[%emt 0:00:31]} Rd7 {[%emt 0:01:00]} 38. f6 {[%emt 0:00:30]} Red8 {[%emt 0:00:38]} 39. Rfg1 {[%emt 0:00:38]} Re8 {[%emt 0:00:29]} 40. Qg4 {[%emt 0:00:00]} 1-0